| 000 | 01289nam0a2200337 i 4500 | ||
|---|---|---|---|
| 001 | RU\NLR\BIBL_A\011599450 | ||
| 005 | 20260406005909.0 | ||
| 010 |
_a9785919216162 _94000 |
||
| 021 |
_aRU _b2017-99711 _97184 |
||
| 035 | _a(RuMoRGB)009499210 | ||
| 035 | _a(NLR Aleph) 011599450 | ||
| 090 |
_a10880337 _c10880337 |
||
| 100 | _a20180122d2017 c y0rusy50 ca | ||
| 101 | 1 |
_arus _cfre |
|
| 102 | _aRU | ||
| 105 | _aa|||z|||000ay | ||
| 200 | 1 |
_aСиндбад-мореход _e[для младшего школьного возраста _fлитературная обработка Гюдюль] _gхудожник: Квентин Гребан _g[пер. с фр. Ю. Волченко] |
|
| 210 |
_aМосква _cЭнас-Книга _d2017 |
||
| 215 |
_a30, [3] с. _cцв. ил. _d28 |
||
| 225 | 1 | _aСказочный калейдоскоп | |
| 300 | _aНа обл. авт.: Квентин Гребан | ||
| 333 | _a6+ | ||
| 686 |
_aШ9(2)40(5) _2rubbk |
||
| 686 | 0 | _aШ9(0)4-2 | |
| 702 | 1 |
_4570 _8rus _7ca _aГюдюль _f1945- _3RU\NLR\AUTH\7784470 _967398 |
|
| 702 | 1 |
_4040 _aГребан _bК. _f1977- _gКвентин _3RU\NLR\AUTH\77115373 _998298 |
|
| 942 | _cBOOK | ||
| 980 | _aNBR | ||